Random Thoughts (Record no. 47292)

MARC details
000 -LEADER
fixed length control field 00566nam a22001697a 4500
005 - DATE AND TIME OF LATEST TRANSACTION
control field 20260218154036.0
008 - FIXED-LENGTH DATA ELEMENTS--GENERAL INFORMATION
fixed length control field 260218b |||||||| |||| 00| 0 eng d
020 ## - INTERNATIONAL STANDARD BOOK NUMBER
International Standard Book Number 9789387791305
040 ## - CATALOGING SOURCE
Transcribing agency VITAP
082 ## - DEWEY DECIMAL CLASSIFICATION NUMBER
Edition number 23
Classification number 824 ANB
100 ## - MAIN ENTRY--PERSONAL NAME
Personal name Anbu, V. Irai
9 (RLIN) 17118
245 ## - TITLE STATEMENT
Title Random Thoughts
Statement of responsibility, etc. / V. Irai Anbu
260 ## - PUBLICATION, DISTRIBUTION, ETC.
Place of publication, distribution, etc. Chennai
Name of publisher, distributor, etc. THG Publishing Pvt Ltd.
Date of publication, distribution, etc. 2023
300 ## - PHYSICAL DESCRIPTION
Extent 206p, ill.: 21cm
650 #0 - SUBJECT ADDED ENTRY--TOPICAL TERM
Topical term or geographic name entry element Personal Development, Motivation & Success, Life Philosophy, Human Behaviour, Society & Values, Governance & Public Service etc.
9 (RLIN) 17121
942 ## - ADDED ENTRY ELEMENTS (KOHA)
Source of classification or shelving scheme Dewey Decimal Classification
Koha item type Text Book
Holdings
Withdrawn status Lost status Source of classification or shelving scheme Materials specified (bound volume or other part) Damaged status Not for loan Collection code Home library Current library Shelving location Date acquired Source of acquisition Cost, normal purchase price Inventory number Total Checkouts Full call number Barcode Date last seen Cost, replacement price Price effective from Koha item type Public note
    Dewey Decimal Classification Paper Back   Not For Loan Reference School of Social Sciences-English Section VIT-AP Reference 2026-01-12 The Hindu Group of Publications 250.00 9001173329   824 ANB 025503 2026-02-18 250.00 2026-01-12 Reference Book ENG
    Dewey Decimal Classification Paper Back       School of Social Sciences-English Section VIT-AP General Stacks 2026-01-12 The Hindu Group of Publications 250.00 9001173329   824 ANB 025504 2026-02-18 250.00 2026-01-12 Text Book ENG

Visitor Number: